[Event "Mondiale Semilampo FIDE 2014"]
[Site "Dubai"]
[Date "16.06.2014"]
[Round "4.31"]
[White "Potkin, Vladimir"]
[Black "Savchenko, Boris"]
[Result "1-0"]
[WhiteTitle "GM"]
[BlackTitle "GM"]
[WhiteElo "2621"]
[BlackElo "2581"]
[WhiteFideId "4131061"]
[BlackFideId "4147332"]
[EventDate "2014.06.16"]

1. d4 e6 2. e4 d5 3. Nd2 c5 4. Ngf3 Nf6 5. exd5 exd5 6. Bb5+ Bd7 7. Bxd7+ Nbxd7
8. O-O Be7 9. dxc5 Nxc5 10. Nd4 Qd7 11. N2b3 Nce4 12. f3 Nd6 13. Nc5 Qc7 14. Nd3
O-O 15. Be3 a6 16. Bf2 Rfe8 17. Re1 Bf8 18. Qd2 Nc4 19. Qc3 Rec8 20. b3 Na3 21.
Qd2 Qc3 22. Qxc3 Rxc3 23. Re2 Nxc2 24. Rxc2 Rxd3 25. Kf1 Re8 26. Rac1 g6 27. Re2
Rd8 28. Rec2 Bh6 29. Rc8 Rd1+ 30. Ke2 Rxc1 31. Rxd8+ Kg7 32. Bg3 Rc3 33. Rb8
Re3+ 34. Kf1 Re7 35. Bd6 Re8 36. Rxb7 Be3 37. Bc5 h5 38. g3 Bd2 39. Re7 Rc8 40.
b4 a5 41. b5 Bb4 42. Bxb4 axb4 43. b6 Rb8 44. b7 Kf8 45. Nc6 1-0

[Event "Mondiale Semilampo FIDE 2014"]
[Site "Dubai"]
[Date "16.06.2014"]
[Round "4.33"]
[White "Moradiabadi, Elshan"]
[Black "Efimenko, Zahar"]
[Result "0-1"]
[WhiteTitle "GM"]
[BlackTitle "GM"]
[WhiteElo "2586"]
[BlackElo "2648"]
[WhiteFideId "12501255"]
[BlackFideId "14107201"]
[EventDate "2014.06.16"]

1. d4 Nf6 2. c4 e6 3. Nc3 Bb4 4. g3 O-O 5. Bg2 d5 6. Nf3 dxc4 7. O-O Nc6 8. Bg5
h6 9. Bxf6 Qxf6 10. e3 Qe7 11. Nd2 Na5 12. Qc2 Rb8 13. a3 Bd6 14. Nb5 Bd7 15.
Qc3 b6 16. Nxd6 cxd6 17. Qb4 Rfc8 18. Rfc1 Bc6 19. e4 Bb7 20. Nxc4 Nxc4 21. Rxc4
Rxc4 22. Qxc4 Rc8 23. Qa4 Qc7 24. d5 e5 25. Bh3 Ra8 26. Qd1 Qc4 27. Qe1 Qd4 28.
Qb4 Qxb4 29. axb4 a5 30. bxa5 Rxa5 31. Rxa5 bxa5 32. Kf1 Kf8 33. Ke1 Ke7 34. Kd2
Ba6 35. Bg4 Kd8 36. Kc3 Kc7 37. Bh5 f6 38. b4 Kb6 39. Bd1 Bf1 40. f3 Kb5 41.
bxa5 Kxa5 42. h4 Kb5 43. Kb3 Kc5 44. Kc3 Bb5 45. f4 exf4 46. gxf4 f5 47. exf5
Kxd5 48. Bf3+ Kc5 49. Be4 d5 50. Bf3 d4+ 51. Kd2 Bc6 52. Bh5 Bb5 53. Bf7 Kd6 54.
Be6 Ke7 55. Bd5 Kf6 56. Be4 Bf1 57. Bb1 d3 58. Ke1 Be2 0-1

[Event "Mondiale Semilampo FIDE 2014"]
[Site "Dubai"]
[Date "16.06.2014"]
[Round "4.34"]
[White "Meier, Georg"]
[Black "Aleksandrov, Aleksej"]
[Result "1-0"]
[WhiteTitle "GM"]
[BlackTitle "GM"]
[WhiteElo "2632"]
[BlackElo "2554"]
[WhiteFideId "4675789"]
[BlackFideId "13500139"]
[EventDate "2014.06.16"]

1. Nf3 Nf6 2. g3 b5 3. Bg2 Bb7 4. O-O e6 5. d3 d5 6. c4 a6 7. cxd5 exd5 8. d4
Bd6 9. Nbd2 Nbd7 10. Nb3 a5 11. Bd2 c6 12. Bf4 Bxf4 13. gxf4 a4 14. Nc1 O-O 15.
Nd3 Ne4 16. Rc1 Rc8 17. e3 Rc7 18. Re1 Nb6 19. Re2 f6 20. Rec2 Qe7 21. Qe1 Ra8
22. Qb4 Qd8 23. b3 Nd6 24. Nd2 Kh8 25. Nf1 Ndc8 26. Nc5 Qd6 27. Ng3 Ne7 28. Bh3
axb3 29. axb3 Bc8 30. Bxc8 Rcxc8 31. Qe1 Ra3 32. Qb4 Rca8 33. h3 Nd7 34. Na6
Qxb4 35. Nxb4 Nb8 36. Rc3 Kg8 37. h4 Ra1 38. h5 Kf7 39. f5 Rxc1+ 40. Rxc1 Ra3
41. Rb1 Na6 42. Nd3 Nc7 43. Kg2 Ne8 44. Kf3 Nd6 45. Kg4 Ra2 46. f3 Rg2 47. Nf4
Rc2 48. e4 dxe4 49. fxe4 Rd2 50. e5 fxe5 51. dxe5 Nb7 52. e6+ Kf8 53. Ra1 Rd8
54. h6 Nc5 55. Ra7 gxh6 56. f6 Re8 57. fxe7+ Rxe7 58. Rxe7 Kxe7 59. Nf5+ Kf6 60.
Nd4 b4 61. Nh5+ Ke7 62. Kf5 Kd6 63. Nf4 Na6 64. Kf6 Nc7 65. Nf5+ Kc5 66. Ke5 Kb6
67. e7 Ne8 68. Ne6 1-0

[Event "Mondiale Semilampo FIDE 2014"]
[Site "Dubai"]
[Date "16.06.2014"]
[Round "4.35"]
[White "Maletin, Pavel"]
[Black "Debashis, Das"]
[Result "0-1"]
[WhiteTitle "GM"]
[BlackTitle "GM"]
[WhiteElo "2588"]
[BlackElo "2484"]
[WhiteFideId "4146786"]
[BlackFideId "5024854"]
[EventDate "2014.06.16"]

1. c4 Nf6 2. Nf3 e6 3. g3 d5 4. Bg2 Be7 5. O-O O-O 6. d4 dxc4 7. Qa4 a6 8. Qxc4
b5 9. Qc2 Bb7 10. Bd2 Bd6 11. a3 Nbd7 12. b4 Qb8 13. Rc1 Be4 14. Qd1 Nd5 15. Be1
f5 16. Nbd2 N7f6 17. Qb3 Qe8 18. e3 Rc8 19. Nxe4 Nxe4 20. Nd2 Nxd2 21. Bxd2 c6
22. a4 Qd7 23. f3 Kh8 24. e4 fxe4 25. fxe4 Nb6 26. Bh3 Be5 27. Bxe6 Bxd4+ 28.
Kh1 Qe7 29. Rab1 Nc4 30. Rxc4 bxc4 31. Qxc4 Rce8 32. Qxd4 Qxe6 33. Re1 Rd8 34.
Qc5 Qh3 35. Kg1 h6 36. Bc3 Rf7 37. Qc4 Rdf8 38. Bd4 Rf3 39. Qe2 Rb3 40. Be5 Qe6
41. Qd1 Rbf3 42. Qd4 Qf7 43. Bf4 Qg6 44. Qd6 Rf6 45. Qd8+ Kh7 46. Be5 Rf8 47.
Qc7 R8f7 48. Qd6 Qg4 49. Qd2 Re7 50. Bf4 Rd7 51. Qg2 Rdd3 52. e5 Qe6 53. h4 Qg4
54. Re4 Rd1+ 55. Kh2 Rff1 56. Qc2 Rh1+ 57. Kg2 Qh3+ 58. Kf2 Qh2+ 0-1

[Event "Mondiale Semilampo FIDE 2014"]
[Site "Dubai"]
[Date "16.06.2014"]
[Round "4.36"]
[White "Cheparinov, Ivan"]
[Black "Al-Modiahki, Mohamad"]
[Result "1-0"]
[WhiteTitle "GM"]
[BlackTitle "GM"]
[WhiteElo "2682"]
[BlackElo "2549"]
[WhiteFideId "2905540"]
[BlackFideId "12100030"]
[EventDate "2014.06.16"]

1. d4 Nf6 2. c4 e5 3. dxe5 Ng4 4. e4 Nxe5 5. f4 Ng6 6. Bd3 Bc5 7. Qh5 d6 8. Nc3
Nd7 9. Qe2 O-O 10. Bd2 Nf6 11. Nf3 Bd7 12. O-O-O Re8 13. a3 a5 14. g3 c6 15. Qg2
b5 16. Rhe1 b4 17. Na4 bxa3 18. Nxc5 dxc5 19. e5 Qb6 20. Bc3 a2 21. Kc2 Rab8 22.
Nd2 Bg4 23. Ra1 Nd7 24. h3 Be6 25. f5 Bxf5 26. Bxf5 Ndxe5 27. Rxa2 Nxc4 28.
Rxe8+ 1-0

[Event "Mondiale Semilampo FIDE 2014"]
[Site "Dubai"]
[Date "16.06.2014"]
[Round "4.37"]
[White "Ghaem Maghami, Ehsan"]
[Black "Vitiugov, Nikita"]
[Result "0-1"]
[WhiteTitle "GM"]
[BlackTitle "GM"]
[WhiteElo "2582"]
[BlackElo "2742"]
[WhiteFideId "12500739"]
[BlackFideId "4152956"]
[EventDate "2014.06.16"]

1. c4 c5 2. Nf3 Nc6 3. d4 cxd4 4. Nxd4 Nf6 5. Nc3 e6 6. g3 Qb6 7. Ndb5 Ne5 8.
Bg2 a6 9. Na4 Qa5+ 10. Nbc3 Nxc4 11. b3 Na3 12. O-O Bb4 13. Bb2 O-O 14. e4 e5
15. Qc1 Nb5 16. Nxb5 axb5 17. Nc3 d6 18. a3 Bxc3 19. Qxc3 Be6 20. Qxa5 Rxa5 21.
Rfd1 Ra6 22. Rd3 Rc8 23. f4 Nd7 24. Rad1 Rc2 25. f5 Rxb2 26. fxe6 fxe6 27. Rxd6
Nf6 28. Bh3 Kf7 29. Bxe6+ Ke7 30. Rxa6 bxa6 31. Bc8 a5 32. Rd3 Nxe4 33. Re3 Nc5
34. Rxe5+ Kd6 35. Rg5 Rxb3 36. Rxg7 Rxa3 37. Rxh7 a4 38. Rh6+ Kc7 39. Bf5 Rc3
40. Rh8 a3 41. Ra8 Kb7 42. Ra5 Kb6 43. Ra8 Na6 44. Be6 b4 0-1

[Event "Mondiale Semilampo FIDE 2014"]
[Site "Dubai"]
[Date "16.06.2014"]
[Round "4.38"]
[White "Mamedov, Rauf"]
[Black "Lu, Shanglei"]
[Result "1-0"]
[WhiteTitle "GM"]
[BlackTitle "GM"]
[WhiteElo "2659"]
[BlackElo "2546"]
[WhiteFideId "13401653"]
[BlackFideId "8603332"]
[EventDate "2014.06.16"]

1. e4 c5 2. Nf3 d6 3. Bb5+ Nd7 4. O-O Nf6 5. Re1 a6 6. Bf1 g6 7. c3 Ne5 8. d4
Nxf3+ 9. Qxf3 Bg7 10. dxc5 dxc5 11. e5 Ng4 12. Bf4 O-O 13. h3 Nh6 14. Nd2 Be6
15. Ne4 b6 16. Rad1 Qc7 17. Ng5 b5 18. b3 Rad8 19. Qe3 Nf5 20. Qe4 h6 21. Nxe6
fxe6 22. a4 g5 23. Bh2 Qb6 24. axb5 axb5 25. Be2 Qa5 26. Rc1 Qb6 27. Red1 Kh8
28. g4 Nh4 29. Bg3 Kg8 30. Ra1 Kf7 31. Bd3 c4 32. bxc4 bxc4 33. Bc2 Rfe8 34.
Bxh4 gxh4 35. Qg6+ Kf8 36. Bf5 Kg8 37. Rd4 Qc6 1-0

[Event "Mondiale Semilampo FIDE 2014"]
[Site "Dubai"]
[Date "16.06.2014"]
[Round "5.31"]
[White "Sandipan, Chanda"]
[Black "Kryvoruchko, Yuriy"]
[Result "0-1"]
[WhiteTitle "GM"]
[BlackTitle "GM"]
[WhiteElo "2594"]
[BlackElo "2707"]
[WhiteFideId "5004225"]
[BlackFideId "14109182"]
[EventDate "2014.06.16"]

1. d4 Nf6 2. Nf3 e6 3. Bf4 d5 4. e3 c5 5. c3 Nc6 6. Nbd2 Bd6 7. Bg3 O-O 8. Bd3
b6 9. Ne5 Bb7 10. f4 Ne7 11. Qb1 Ng6 12. Nxg6 hxg6 13. Bh4 cxd4 14. cxd4 Bb4 15.
Qd1 Qd7 16. Bxf6 gxf6 17. O-O Bc6 18. Nf3 Bb5 19. Rc1 Bxd3 20. Qxd3 Rfc8 21. Qa6
Rc7 22. Rxc7 Qxc7 23. Qa4 Qc4 24. g3 Rc8 25. a3 Bd2 26. Qxc4 Bxe3+ 27. Kg2 Rxc4
28. Rd1 Rc2+ 29. Kh3 Rf2 30. Nh4 g5 0-1

[Event "Mondiale Semilampo FIDE 2014"]
[Site "Dubai"]
[Date "16.06.2014"]
[Round "5.33"]
[White "Onischuk, Vladimir"]
[Black "Vakhidov, Jahongir"]
[Result "1-0"]
[WhiteTitle "GM"]
[BlackTitle "IM"]
[WhiteElo "2594"]
[BlackElo "2471"]
[WhiteFideId "14114038"]
[BlackFideId "14201801"]
[EventDate "2014.06.16"]

1. e4 g6 2. d4 Nf6 3. Nc3 d5 4. e5 Ne4 5. Nxe4 dxe4 6. Be3 Bg7 7. Qd2 O-O 8.
O-O-O c5 9. Qc3 cxd4 10. Rxd4 Qe8 11. Rxe4 Bf5 12. Rc4 Be6 13. Rc5 b6 14. Rc7
Qa4 15. a3 Na6 16. Bxa6 Qxa6 17. Nf3 Bd5 18. Rd1 e6 19. Kb1 Rac8 20. Nd2 Rxc7
21. Qxc7 Rc8 22. Qd7 Bxe5 23. c4 Bxg2 24. Bh6 Qb7 25. Qd3 Bf6 26. f3 Qc7 27. Ne4
Qe5 28. Rd2 Bh3 29. Ka2 Bg2 1-0

[Event "Mondiale Semilampo FIDE 2014"]
[Site "Dubai"]
[Date "16.06.2014"]
[Round "5.34"]
[White "Bartel, Mateusz"]
[Black "Yu, Yangyi"]
[Result "1/2-1/2"]
[WhiteTitle "GM"]
[BlackTitle "GM"]
[WhiteElo "2641"]
[BlackElo "2675"]
[WhiteFideId "1112635"]
[BlackFideId "8603820"]
[EventDate "2014.06.16"]

1. e4 c5 2. Nf3 e6 3. d4 cxd4 4. Nxd4 a6 5. Nc3 Qc7 6. Bd3 Bc5 7. Nb3 Be7 8. f4
d6 9. O-O Nd7 10. a4 b6 11. Qe2 Ngf6 12. Bd2 Bb7 13. Rae1 O-O 14. Kh1 g6 15. Nd4
Nc5 16. b4 Nxd3 17. cxd3 Rac8 18. Rc1 Qd7 19. Be3 e5 20. Nb3 Qe6 21. Qb2 exf4
22. Bxf4 Ng4 23. b5 axb5 24. Nxb5 Bf6 25. N3d4 Rxc1 26. Rxc1 Rc8 27. h3 Rxc1+
28. Bxc1 Qe7 29. hxg4 Bxd4 30. Nxd4 Qh4+ 31. Kg1 Qe1+ 32. Kh2 Qh4+ 33. Kg1 Qe1+
34. Kh2 Qh4+ 1/2-1/2

[Event "Mondiale Semilampo FIDE 2014"]
[Site "Dubai"]
[Date "16.06.2014"]
[Round "5.36"]
[White "Andriasian, Zaven"]
[Black "Zhigalko, Sergei"]
[Result "0-1"]
[WhiteTitle "GM"]
[BlackTitle "GM"]
[WhiteElo "2611"]
[BlackElo "2678"]
[WhiteFideId "13302000"]
[BlackFideId "13502956"]
[EventDate "2014.06.16"]

1. Nf3 d5 2. g3 c6 3. Bg2 Bf5 4. c4 e6 5. cxd5 exd5 6. O-O Nf6 7. d3 Be7 8. Qb3
Qb6 9. Qc2 O-O 10. Nc3 Na6 11. e4 Bg6 12. Be3 Nb4 13. Qb3 Qa6 14. Ne5 Rad8 15.
Nxg6 hxg6 16. e5 Ng4 17. d4 Qc4 18. Qd1 Nxe3 19. fxe3 Qd3 20. a3 Qxe3+ 21. Kh1
Na6 22. Rf3 Qh6 23. Qb3 Rb8 24. Raf1 Nc7 25. Ne2 Qd2 26. R3f2 Ne6 27. Rd1 Qh6
28. Nf4 g5 29. Nxe6 Qxe6 30. Qd3 f5 31. exf6 Bxf6 32. Re2 Qd7 33. Rde1 Rbe8 34.
Bh3 Rxe2 35. Bxd7 Rxe1+ 36. Kg2 Rf7 37. Bg4 Re4 38. Bf5 Rxd4 39. Qe2 Re7 40. Qh5
Rd2+ 41. Kf3 Ree2 42. Qh7+ Kf7 43. h3 Rxb2 44. Kg4 Re3 45. Qh8 Be5 46. Bg6+ Ke7
47. Qe8+ Kd6 48. Qd8+ Kc5 49. Qa5+ Kd6 50. Qd8+ Kc5 51. Qa5+ Rb5 52. Qxa7+ b6
53. Qe7+ Kd4 54. Qd7 Rxg3+ 55. Kh5 Rc5 56. Qf5 Rcc3 57. Qf2+ Rge3 58. Bf5 Rxa3
59. Bd7 Rc3 60. Qb2 Kc5 61. Qf2 b5 62. Qf8+ Bd6 63. Qc8 Kb6 64. Qa8 Rxh3+ 65.
Kg6 Rhe3 66. Bc8 Re7 67. Qa6+ Kc5 68. Qa1 d4 69. Bf5 g4 70. Qd1 g3 71. Bh3 g2
72. Bxg2 Rg3+ 73. Kh7 Rxg2 74. Kg8 Rg3 75. Qh5+ g5 76. Qg6 Ra3 0-1

[Event "Mondiale Semilampo FIDE 2014"]
[Site "Dubai"]
[Date "16.06.2014"]
[Round "5.37"]
[White "Sargissian, Gabriel"]
[Black "Moradiabadi, Elshan"]
[Result "1-0"]
[WhiteTitle "GM"]
[BlackTitle "GM"]
[WhiteElo "2686"]
[BlackElo "2586"]
[WhiteFideId "13300881"]
[BlackFideId "12501255"]
[EventDate "2014.06.16"]

1. d4 d5 2. c4 dxc4 3. e3 e5 4. Bxc4 exd4 5. exd4 Bd6 6. Nf3 Nf6 7. Qe2+ Qe7 8.
Qxe7+ Bxe7 9. O-O O-O 10. Nc3 a6 11. Re1 Bd6 12. Ne5 Nbd7 13. Bb3 Nb6 14. Bg5
Bf5 15. Rad1 Nfd7 16. Bh4 Bxe5 17. dxe5 Rfe8 18. f4 Nc5 19. Bf2 Nxb3 20. Bxb6
cxb6 21. axb3 Bc2 22. Rd6 Re6 23. Nd5 Rf8 24. Re3 b5 25. b4 h6 26. Nb6 Rfe8 27.
Rc3 Be4 28. Rxe6 fxe6 29. Rc8 Kf7 30. Kf2 Re7 31. Rd8 Kg6 32. g4 h5 33. h3 Rc7
34. Rc8 Rf7 35. Ke3 Bg2 36. Rh8 Rc7 37. gxh5+ Kf7 38. h6 Kg6 39. hxg7 Kxg7 40.
Rc8 Rf7 41. h4 Bc6 42. Na8 Kg6 43. Nc7 Re7 44. Kd4 Kf5 45. Rf8+ Kg4 46. Na8 Rd7+
47. Kc5 Kxh4 48. Kb6 Rd4 49. Nc7 Rxb4 50. Nxe6 Rxb2 51. Nc5 b4 52. f5 b3 53. f6
Rf2 54. Nxb3 Rb2 55. f7 Rxb3+ 56. Kc7 Rf3 57. Rh8+ Kg5 58. f8=Q Rxf8 59. Rxf8 a5
60. e6 a4 61. e7 1-0

[Event "Mondiale Semilampo FIDE 2014"]
[Site "Dubai"]
[Date "16.06.2014"]
[Round "5.39"]
[White "Ringoir, Tanguy"]
[Black "Maletin, Pavel"]
[Result "1/2-1/2"]
[WhiteTitle "IM"]
[BlackTitle "GM"]
[WhiteElo "2506"]
[BlackElo "2588"]
[WhiteFideId "208027"]
[BlackFideId "4146786"]
[EventDate "2014.06.16"]

1. d4 Nf6 2. c4 g6 3. Nc3 d5 4. e3 Bg7 5. Qb3 e6 6. Qa3 a5 7. Nf3 c6 8. b3 Na6
9. Be2 Nb4 10. Qb2 O-O 11. O-O c5 12. Rd1 b6 13. a3 Nc6 14. Qc2 cxd4 15. exd4
Bb7 16. Bg5 h6 17. Bh4 Ne7 18. Bg3 Rc8 19. Nb5 Nf5 20. Be5 Qe7 21. h3 Ne4 22.
Bxg7 Kxg7 23. Bd3 Rfd8 24. Re1 Qf6 25. Rad1 h5 26. Na7 Rc7 27. Nb5 Rcc8 28. Na7
Rc7 29. Nb5 Re7 30. c5 Rc8 31. Na7 Rcc7 32. Nb5 Rc8 33. Na7 Rcc7 34. Nb5 Rc8 1/2-1/2

[Event "Mondiale Semilampo FIDE 2014"]
[Site "Dubai"]
[Date "17.06.2014"]
[Round "7.29"]
[White "Onischuk, Vladimir"]
[Black "Durarbayli, Vasif"]
[Result "1-0"]
[WhiteTitle "GM"]
[BlackTitle "GM"]
[WhiteElo "2594"]
[BlackElo "2590"]
[WhiteFideId "14114038"]
[BlackFideId "13402935"]
[EventDate "2014.06.16"]

1. e4 e5 2. Nf3 Nc6 3. Bb5 a6 4. Ba4 Nge7 5. O-O g6 6. Re1 Bg7 7. c3 O-O 8. d3
b5 9. Bb3 h6 10. Nbd2 d5 11. exd5 Nxd5 12. Ne4 Kh7 13. h3 f5 14. Ng3 Qd6 15. Bd2
Bb7 16. Bc2 Rad8 17. Qe2 Rfe8 18. Qf1 Nb8 19. h4 Bc8 20. Rad1 Nc6 21. Bc1 Re7
22. Ne4 Qd7 23. Bb3 Qe8 24. Nc5 Qf8 25. g3 Ree8 26. d4 e4 27. Nh2 Qd6 28. Qg2
Na5 29. Bc2 Nb7 30. Nb3 Qf6 31. Nf1 Bd7 32. Ne3 Bc6 33. h5 gxh5 34. Qh3 Nxe3 35.
Bxe3 Qg6 36. Bf4 Rd7 37. Rd2 Qg4 38. Qh1 Rg8 39. Bd1 Qg6 40. Bxh5 Qe6 41. Qh3
Bd5 42. Na1 Nd6 43. b3 a5 44. Nc2 a4 45. Ne3 axb3 46. axb3 Bxb3 47. Bxd6 cxd6
48. Nxf5 Bf8 49. d5 Qe5 50. Bf3 Qxc3 51. Bxe4 Qxd2 52. Nxh6+ Kg7 53. Qxd7+ Kxh6
54. Qh7+ 1-0

[Event "Mondiale Semilampo FIDE 2014"]
[Site "Dubai"]
[Date "17.06.2014"]
[Round "7.30"]
[White "Aleksandrov, Aleksej"]
[Black "Yu, Yangyi"]
[Result "0-1"]
[WhiteTitle "GM"]
[BlackTitle "GM"]
[WhiteElo "2554"]
[BlackElo "2675"]
[WhiteFideId "13500139"]
[BlackFideId "8603820"]
[EventDate "2014.06.16"]

1. d4 Nf6 2. c4 e6 3. Nc3 Bb4 4. e3 d5 5. a3 Bxc3+ 6. bxc3 c6 7. Bd3 e5 8. dxe5
dxc4 9. Bxc4 Qxd1+ 10. Kxd1 Ng4 11. Ke1 Nxe5 12. Be2 Bf5 13. f3 Nd3+ 14. Bxd3
Bxd3 15. e4 Nd7 16. Be3 f5 17. exf5 Bxf5 18. Ne2 O-O-O 19. Ng3 Bg6 20. Kf2 Ne5
21. Rhd1 Nc4 22. Rxd8+ Rxd8 23. Bd4 Rd7 24. h4 b6 25. h5 Bc2 26. Ne2 Re7 27. h6
gxh6 28. Bf6 Rf7 29. Bh8 c5 30. Ra2 Bg6 31. a4 Kb7 32. Nc1 a5 33. Re2 h5 34. Nb3
Bd3 35. Ra2 Kc6 36. Nd2 Rf8 37. Bg7 Rg8 38. Bf6 Rg6 39. Bh4 Kd5 40. Nxc4 Kxc4
41. Ra3 Re6 42. Bd8 Re2+ 43. Kg3 Rb2 44. Kf4 Bg6 45. Ke3 h4 46. Bxh4 Rxg2 47.
Bf6 Rb2 48. Bd8 Bc2 49. Kf4 Kd5 50. Kg5 Bd3 51. f4 Ke6 52. Bc7 Rg2+ 53. Kh4 Rh2+
54. Kg3 Rb2 55. Kg4 h6 56. Ra1 Bf5+ 57. Kg3 Be4 58. Kg4 Rg2+ 59. Kh4 Rb2 60. Kg4
Bf5+ 61. Kh4 Kd7 62. Be5 Rh2+ 63. Kg3 Rh3+ 64. Kf2 h5 65. Rg1 Bg4 66. Rb1 Kc6
67. Kg2 Rd3 68. Bf6 Rd6 69. Be7 Rd3 70. Bf6 Bf3+ 71. Kh2 Bd1 72. Ra1 Bg4 73. Kg2
Rd6 74. Be7 Rd2+ 75. Kg1 Rd1+ 76. Rxd1 Bxd1 77. Kf2 Bxa4 78. Ke3 Bc2 79. Bd8 a4
80. Kd2 Bf5 81. c4 a3 82. Kc3 a2 83. Kb2 Be6 84. Kxa2 Bxc4+ 85. Kb2 Be6 86. Kc3
b5 87. Be7 b4+ 88. Kd3 Kd5 89. Ke3 Bf5 90. Kd2 Kc4 91. Kc1 Kb5 0-1

[Event "Mondiale Semilampo FIDE 2014"]
[Site "Dubai"]
[Date "17.06.2014"]
[Round "7.31"]
[White "Sargissian, Gabriel"]
[Black "Al-Modiahki, Mohamad"]
[Result "1-0"]
[WhiteTitle "GM"]
[BlackTitle "GM"]
[WhiteElo "2686"]
[BlackElo "2549"]
[WhiteFideId "13300881"]
[BlackFideId "12100030"]
[EventDate "2014.06.16"]

1. d4 Nf6 2. Nf3 g6 3. c4 Bg7 4. g3 O-O 5. Bg2 d6 6. Nc3 Nc6 7. O-O a6 8. Bf4
Bg4 9. Rc1 Nd7 10. b3 e5 11. dxe5 dxe5 12. Be3 h6 13. Qd2 Kh7 14. Rfd1 Qc8 15.
h3 Bxf3 16. exf3 Rd8 17. f4 Nf6 18. Nd5 Qf5 19. g4 Nxg4 20. hxg4 Qxg4 21. f3 Qe6
22. Qf2 Rd7 23. Re1 Qd6 24. Bc5 Qe6 25. fxe5 Nxe5 26. f4 Nd3 27. Rxe6 Nxf2 28.
Re7 Rxe7 29. Bxe7 Bd4 30. Kf1 c6 31. Bh4 Ng4 32. Bh3 Ne3+ 33. Nxe3 Bxe3 34. Rd1
Bxf4 35. Rd7 g5 36. Bf2 Kg6 37. Rxb7 f5 38. Bg2 Rd8 39. Bxc6 Rd1+ 40. Ke2 Rd2+
41. Ke1 g4 42. Be8+ Kg5 43. Rb6 Rd6 44. Rxd6 Bxd6 45. Bb6 f4 46. c5 Be5 47. c6 1-0

[Event "Mondiale Semilampo FIDE 2014"]
[Site "Dubai"]
[Date "17.06.2014"]
[Round "7.33"]
[White "Bartel, Mateusz"]
[Black "Maletin, Pavel"]
[Result "1-0"]
[WhiteTitle "GM"]
[BlackTitle "GM"]
[WhiteElo "2641"]
[BlackElo "2588"]
[WhiteFideId "1112635"]
[BlackFideId "4146786"]
[EventDate "2014.06.16"]

1. e4 c5 2. Nf3 e6 3. d4 cxd4 4. Nxd4 Nc6 5. Nc3 Qc7 6. g3 a6 7. Bg2 Nf6 8. O-O
h5 9. Nxc6 dxc6 10. e5 Qxe5 11. Bf4 Qa5 12. Re1 Be7 13. Re5 Qd8 14. Qf3 O-O 15.
Rd1 Bd7 16. Ne4 Nxe4 17. Rxe4 c5 18. Qxh5 Qe8 19. Bd6 f5 20. Qxe8 Raxe8 21. Bxe7
Rxe7 22. Re5 b6 23. Rd6 Rb8 24. Bd5 Kf7 25. Rxf5+ Ke8 26. Rh5 Kd8 27. Rh8+ Kc7
28. Rxb8 exd5 29. Rdxb6 Re2 30. R8b7+ Kc8 31. Kg2 Rxc2 32. Ra7 d4 33. Rd6 Bb5
34. Rxg7 d3 35. Rf6 Re2 36. Rf8+ Be8 37. Rg5 c4 38. Rc5+ Kb7 39. Rxc4 Bb5 40.
Rd4 Rxb2 41. a4 Bc6+ 42. Kh3 Kc7 43. Rf7+ Kb6 44. Rf6 Kb7 45. g4 Rb3 46. Kh4 a5
47. Rfd6 Rb2 48. Kg3 Ra2 49. Rxd3 Bxa4 50. g5 Ra1 51. g6 Bc2 52. Rd7+ Kb6 53.
R3d6+ Kc5 54. g7 Rg1+ 55. Kf4 a4 56. Rd5+ 1-0

[Event "Mondiale Semilampo FIDE 2014"]
[Site "Dubai"]
[Date "17.06.2014"]
[Round "7.34"]
[White "Matlakov, Maxim"]
[Black "Vakhidov, Jahongir"]
[Result "1/2-1/2"]
[WhiteTitle "GM"]
[BlackTitle "IM"]
[WhiteElo "2689"]
[BlackElo "2471"]
[WhiteFideId "4168003"]
[BlackFideId "14201801"]
[EventDate "2014.06.16"]

1. Nf3 g6 2. d4 Bg7 3. c4 d6 4. g3 Nf6 5. Bg2 O-O 6. O-O Nc6 7. Nc3 Bg4 8. h3
Bxf3 9. Bxf3 Nd7 10. e3 e5 11. d5 Ne7 12. e4 f5 13. Bg2 Nf6 14. c5 Qd7 15. Qb3
Rab8 16. cxd6 cxd6 17. exf5 gxf5 18. a4 Ng6 19. Bg5 h5 20. Qb5 Qf7 21. Qb4 Rbd8
22. Rac1 Rd7 23. h4 a6 24. Bh3 Nxd5 25. Nxd5 Qxd5 26. Rfd1 Qe6 27. Qb6 e4 28.
Rc7 Rff7 29. Rc8+ Kh7 30. Bf1 f4 31. Re1 e3 32. fxe3 fxg3 33. Rc2 Qf5 34. Rec1
Bf6 35. Bxf6 Rxf6 36. Qd4 Kh6 37. Bh3 Qxh3 38. Qxf6 Re7 39. Rg2 Qxh4 40. Qxh4
Nxh4 41. Rxg3 Nf5 42. Rg8 Nxe3 43. Rcc8 Nd1 44. Rg2 Kh7 45. Rd8 Ne3 46. Rg5 Kh6
47. Rgg8 Nf5 48. Rdf8 Ng7 49. Rf6+ Kh7 50. Rd8 Re1+ 51. Kg2 Rb1 52. Rf2 Rd1 53.
Rd7 Kg6 54. Rxb7 Nf5 55. b4 Ne3+ 56. Kf3 Ng4 57. Rg2 Kf5 58. Rh7 Ne5+ 59. Ke2
Ra1 60. Rxh5+ Ke4 61. Rh4+ Kd5 62. a5 Ra2+ 63. Kf1 Ra1+ 64. Kf2 Ra2+ 65. Kg3
Ra3+ 66. Kf4 Rf3+ 67. Kg5 Rf8 68. Rd2+ Kc6 69. Rc2+ Kb5 70. Rh1 Nf3+ 71. Kg6
Ne5+ 72. Kg7 Rf7+ 73. Kg8 Rf4 74. Rd1 Nc4 75. Ra2 Kxb4 76. Rb1+ Kc3 77. Rb8 d5
78. Ra8 Rf6 79. Rc8 Kd3 80. Kg7 Re6 81. Rf2 d4 82. Rc5 Nd6 83. Kg8 Ne4 84. Rf3+
Ke2 85. Rcf5 d3 86. Rh3 d2 87. Rh2+ Ke3 88. Rh3+ Kd4 89. Rh1 Nc3 90. Rff1 Kc4
91. Kf7 Re2 92. Rh4+ Kb3 93. Rd4 Re1 94. Rf6 d1=Q 95. Rxd1 Rxd1 96. Rxa6 Kb4 97.
Rc6 Rd7+ 98. Kg6 Nd5 99. Rc1 Kxa5 100. Kf5 Nb4 101. Rc8 Kb5 102. Ke4 Re7+ 103.
Kf5 Nc6 104. Kf6 Re1 105. Ra8 Kc5 106. Kf5 Kd5 107. Kf4 Re4+ 108. Kf3 Ne5+ 109.
Kf2 Rb4 110. Ke3 Re4+ 111. Kf2 Rf4+ 112. Ke3 Rf3+ 113. Ke2 Rc3 114. Kd2 Rh3 115.
Ke2 Kd4 116. Ra4+ Nc4 117. Kf2 Rc3 118. Ra8 Ke4 119. Rh8 Rf3+ 120. Ke2 Re3+ 121.
Kf2 Ne5 122. Rh4+ Kd3 123. Ra4 Rf3+ 124. Kg2 Rf8 125. Ra3+ Ke4 126. Ra4+ Ke3
127. Ra3+ Nd3 128. Kg3 Rg8+ 129. Kh4 Kf4 130. Kh3 Nf2+ 131. Kh2 Ng4+ 132. Kh1
Ne3 133. Rb3 Ra8 134. Kg1 Ra1+ 135. Kh2 Re1 136. Rb8 Ng4+ 137. Kg2 Re2+ 138. Kf1
Ra2 139. Rf8+ Kg3 140. Ke1 Nf2 141. Rf7 Nd3+ 142. Kd1 Nf4 143. Kc1 Kf3 144. Kb1
Rh2 145. Rb7 Ke3 146. Rb2 Rh1+ 147. Ka2 Nd3 148. Rg2 Kd4 149. Rg8 Rh5 150. Rc8
Nc5 151. Rg8 Kc3 152. Rc8 Rg5 153. Rc6 Kb4 154. Rb6+ Kc4 155. Rc6 Rg2+ 156. Kb1
Kb5 157. Rc8 Nd3 158. Rc3 Rd2 159. Rc8 Kb4 160. Rb8+ Kc3 161. Rc8+ Kb3 162. Rb8+
Nb4 163. Kc1 Rd4 164. Rb7 Rd8 165. Rb5 Kc4 166. Rb7 Rd6 167. Kb2 Rd2+ 1/2-1/2